[Event "Alexandria op 22nd"]
[Site "Alexandria"]
[Date "2017.08.05"]
[Round "5"]
[White "Zakaria, Esam"]
[Black "Ezat, Abdallah"]
[Result "0-1"]
[WhiteElo "2231"]
[BlackElo "2203"]
[PlyCount "175"]
[EventDate "2017.08.02"]
[EventType "swiss"]
[EventRounds "10"]
[EventCountry "EGY"]
[SourceTitle "CBM 180 Extra"]
[Source "ChessBase"]
[SourceDate "2017.10.06"]
[SourceVersion "1"]
[SourceVersionDate "2017.10.06"]
[SourceQuality "1"]

1. d4 d5 2. Bf4 Nf6 3. e3 e6 4. Nd2 Bd6 5. Bg3 Nbd7 6. Ngf3 Bxg3 7. hxg3 Qe7 8. Ne5 Nxe5 9. dxe5 Nd7 10. f4 Qc5 11. Ke2 Qb6 12. Rb1 f6 13. Nf3 Nc5 14. exf6 gxf6 15. Nd2 Bd7 16. Kf2 0-0-0 17. Bd3 e5 18. Nb3 d4 19. exd4 Nxb3 20. axb3 Qxd4+ 21. Kf1 Kb8 22. Qf3 Bc6 23. Qf2 Qb4 24. Ra1 b6 25. Qe1 Qd6 26. Rh4 Rhe8 27. Qf2 e4 28. Bc4 e3 29. Qe2 Qd4 30. Rb1 Qc5 31. Rd1 Rxd1+ 32. Qxd1 Bb5 33. Be2 Bxe2+ 34. Kxe2 Kc8 35. Qd3 Rd8 36. b4 Qxb4 37. Qxe3 Qxb2 38. Qe4 Kb8 39. Rxh7 Qb5+ 40. Kf2 Qc5+ 41. Kf3 f5 42. Qe5 Qc6+ 43. Ke3 Qxc2 44. Rh8 Rxh8 45. Qxh8+ Kb7 46. Qe5 a5 47. Qd5+ Ka7 48. g4 Qc3+ 49. Qd3 Qc1+ 50. Qd2 Qg1+ 51. Qf2 Qb1 52. g5 a4 53. Qd2 a3 54. g6 Qb3+ 55. Qd3 Qxd3+ 56. Kxd3 a2 57. g7 a1Q 58. g8Q Qd1+ 59. Ke3 Qe1+ 60. Kf3 Qe4+ 61. Kg3 Qe3+ 62. Kh2 Qxf4+ 63. g3 Qe4 64. Qb3 Kb7 65. Qb2 Qd3 66. Qe5 c5 67. Kh3 Kc6 68. Qe8+ Qd7 69. Qg6+ Kb5 70. Kh4 Qe7+ 71. Kh5 Qe5 72. Kh6 c4 73. Qg8 Kb4 74. Qd8 b5 75. Qd2+ c3 76. Qc2 Qe4 77. Qa2 Qd3 78. Kh5 c2 79. Qb2+ Kc4 80. Qa2+ Qb3 81. Qa6 Qf3+ 82. Kg6 Qe3 83. Kh5 c1Q 84. Qc6+ Kb4 85. Qd6+ Qcc5 86. Qd1 Qe8+ 87. Kg5 Qg8+ 88. Kf6 0-1

[Event "Golden Cleopatra op"]
[Site "Cairo"]
[Date "2016.12.16"]
[Round "4"]
[White "Korneev, Oleg"]
[Black "Ezat, Abdallah"]
[Result "1-0"]
[WhiteElo "2590"]
[BlackElo "2172"]
[PlyCount "83"]
[EventDate "2016.12.13"]
[EventType "swiss"]
[EventRounds "10"]
[EventCountry "EGY"]
[SourceTitle "CBM 176 Extra"]
[Source "ChessBase"]
[SourceDate "2017.03.02"]
[SourceVersion "1"]
[SourceVersionDate "2017.03.02"]
[SourceQuality "1"]

1. e4 e5 2. Nf3 Nc6 3. Bb5 a6 4. Ba4 Nf6 5. 0-0 Be7 6. Re1 b5 7. Bb3 0-0 8. h3 d6 9. c3 Na5 10. Bc2 c5 11. d4 cxd4 12. cxd4 Nc6 13. a3 Nxd4 14. Nxd4 exd4 15. Qxd4 Qc7 16. Nc3 Be6 17. Bf4 Qc5 18. Rad1 Rad8 19. Rd2 Rd7 20. Qxc5 dxc5 21. Rxd7 Nxd7 22. Nd5 Bd8 23. Rd1 Re8 24. Nc7 Bxc7 25. Bxc7 Rc8 26. Bf4 c4 27. Rd6 Nc5 28. Bd2 Nd3 29. Bxd3 cxd3 30. Rxd3 h5 31. Bc3 Rc6 32. f3 f6 33. Kf2 Kf7 34. Rd8 Ke7 35. Ra8 Kf7 36. Ra7+ Kg8 37. f4 Bf7 38. g4 h4 39. f5 g6 40. Ra8+ Kh7 41. g5 Rc5 42. Bxf6 1-0

[Event "EGY-chT"]
[Site "Egypt"]
[Date "2016.05.13"]
[Round "9.2"]
[White "Ismail, Reda"]
[Black "Ezat, Abdallah"]
[Result "1/2-1/2"]
[WhiteElo "2142"]
[BlackElo "2206"]
[PlyCount "63"]
[EventDate "2016.05.05"]
[EventType "team-tourn"]
[EventRounds "9"]
[EventCountry "EGY"]
[SourceTitle "CBM 172 Extra"]
[Source "ChessBase"]
[SourceDate "2016.06.21"]
[SourceVersion "1"]
[SourceVersionDate "2016.06.21"]
[SourceQuality "1"]
[WhiteTeam "Hawamdia"]
[BlackTeam "El Rwad"]
[WhiteTeamCountry "EGY"]
[BlackTeamCountry "EGY"]

1. e4 c5 2. Nf3 Nc6 3. b3 d6 4. Bb2 Nf6 5. d3 e5 6. Be2 Rb8 7. 0-0 Be7 8. a4 a6 9. c3 0-0 10. Nbd2 d5 11. exd5 Nxd5 12. c4 Nf4 13. Nxe5 Nd4 14. Bxd4 cxd4 15. Re1 Bb4 16. Bf1 Bf5 17. Qc2 Bc3 18. Rad1 Qc7 19. g3 Nh3+ 20. Bxh3 Bxh3 21. Re4 f5 22. Rh4 Bg4 23. Ndf3 Bxf3 24. Nxf3 Qd6 25. b4 h6 26. Qb3 Qf6 27. c5+ Kh8 28. Qd5 g5 29. Rh5 Rfd8 30. Qe5 Qxe5 31. Nxe5 Kg7 32. c6 1/2-1/2

[Event "EGY-chT"]
[Site "Egypt"]
[Date "2016.05.10"]
[Round "6.3"]
[White "Ezat, Abdallah"]
[Black "M Amer, Hossam"]
[Result "1/2-1/2"]
[WhiteElo "2206"]
[BlackElo "2101"]
[PlyCount "74"]
[EventDate "2016.05.05"]
[EventType "team-tourn"]
[EventRounds "9"]
[EventCountry "EGY"]
[SourceTitle "CBM 172 Extra"]
[Source "ChessBase"]
[SourceDate "2016.06.21"]
[SourceVersion "1"]
[SourceVersionDate "2016.06.21"]
[SourceQuality "1"]
[WhiteTeam "El Rwad"]
[BlackTeam "Mokawlon Aswan"]
[WhiteTeamCountry "EGY"]
[BlackTeamCountry "EGY"]

1. d4 Nf6 2. c4 e5 3. dxe5 Ng4 4. Nf3 Bc5 5. e3 Nc6 6. a3 a5 7. Be2 Ngxe5 8. Nc3 d6 9. Nd4 0-0 10. Ne4 Ba7 11. Nxc6 bxc6 12. Ng3 Be6 13. b3 f5 14. 0-0 Rb8 15. f4 Ng6 16. b4 Bd7 17. c5 Qe7 18. Kh1 dxc5 19. bxa5 Be6 20. Bd2 Bd5 21. e4 fxe4 22. Be3 Rb2 23. Rb1 Rfb8 24. Rxb2 Rxb2 25. Qc1 Rb3 26. f5 Ne5 27. f6 gxf6 28. Nf5 Qe6 29. Qe1 Ng6 30. Qg3 Qe5 31. Qe1 Rxa3 32. h4 Be6 33. Bg4 Bxf5 34. Bxf5 Qc3 35. Bh6 Qxe1 36. Rxe1 Kf7 37. Rxe4 Ne7 1/2-1/2

[Event "Alexandria op 18th"]
[Site "Alexandria"]
[Date "2012.09.03"]
[Round "8"]
[White "Abdel Aziz, Ehab"]
[Black "Ezat, Abdallah"]
[Result "1-0"]
[WhiteElo "2134"]
[BlackElo "2250"]
[PlyCount "177"]
[EventDate "2012.08.27"]
[EventType "swiss"]
[EventRounds "9"]
[EventCountry "EGY"]
[SourceTitle "CBM 150 Extra"]
[Source "ChessBase"]
[SourceDate "2012.10.19"]
[SourceVersion "1"]
[SourceVersionDate "2012.10.19"]
[SourceQuality "1"]

1. f4 e5 2. fxe5 d6 3. exd6 Bxd6 4. Nf3 Bg4 5. e3 Nf6 6. d4 c6 7. Bd3 Qc7 8. Nbd2 c5 9. Bb5+ Nc6 10. Bxc6+ Qxc6 11. 0-0 cxd4 12. exd4 0-0 13. c3 Rfe8 14. Nb3 h6 15. Qd3 Bh5 16. Be3 Bg6 17. Qd2 Ne4 18. Qc1 a5 19. Bf4 a4 20. Bxd6 Nxd6 21. Nbd2 f6 22. Re1 Rxe1+ 23. Nxe1 Re8 24. Nf1 Nf5 25. Qd2 Qb5 26. Kf2 Nd6 27. Ng3 Nc4 28. Qc1 Nxb2 29. Kg1 a3 30. Nf3 Qd3 31. Qd2 Qxd2 32. Nxd2 Re3 33. Rc1 Nd3 34. Rf1 Nb2 35. Rf3 Re1+ 36. Rf1 Re8 37. Nb1 Bxb1 38. Rxb1 Re3 39. Rc1 Nd3 40. Rd1 Nb2 41. Rc1 Nc4 42. Kf2 Rd3 43. Nf1 b5 44. Ke2 Nb2 45. Ne3 b4 46. cxb4 Rxd4 47. Rc3 Rxb4 48. Rxa3 Na4 49. Nc2 Re4+ 50. Kf3 f5 51. Ne3 g6 52. g4 Rd4 53. gxf5 g5 54. Rb3 Nc5 55. Rb8+ Kf7 56. Rb5 Rf4+ 57. Ke2 Na4 58. Rb7+ Ke8 59. Ra7 Nc3+ 60. Kd3 Nb5 61. Rh7 Rd4+ 62. Ke2 Rh4 63. Kd3 Nd6 64. f6 Rh3 65. Kd4 Rxh2 66. Nd5 Rd2+ 67. Kc5 Ne4+ 68. Kc6 Rc2+ 69. Kb6 Kf8 70. a4 Rb2+ 71. Kc6 Rc2+ 72. Kd7 Rd2 73. Kc6 g4 74. Rxh6 g3 75. Rg6 Rc2+ 76. Kb6 Rb2+ 77. Kc6 Ra2 78. Nb6 Kf7 79. Rg4 g2 80. Nd5 Rc2+ 81. Kb7 Rb2+ 82. Kc6 Rc2+ 83. Kb6 Rf2 84. Rg7+ Kf8 85. Rg4 Kf7 86. Rg7+ Ke6 87. Rxg2 Rxg2 88. Nf4+ Kxf6 89. Nxg2 1-0

[Event "Assiut op 5th"]
[Site "Assiut"]
[Date "2009.08.11"]
[Round "7"]
[White "Ezat, Abdallah"]
[Black "Sadek, Sameh"]
[Result "0-1"]
[WhiteElo "2197"]
[BlackElo "2384"]
[PlyCount "58"]
[EventDate "2009.08.04"]
[EventType "swiss"]
[EventRounds "9"]
[EventCountry "EGY"]
[SourceTitle "EXT 2010"]
[Source "ChessBase"]
[SourceDate "2010.11.25"]
[SourceVersion "1"]
[SourceVersionDate "2010.11.25"]
[SourceQuality "1"]

1. d4 d5 2. c4 c6 3. Nc3 dxc4 4. a4 e5 5. e3 exd4 6. exd4 Be6 7. Nf3 Nf6 8. Be2 Bb4 9. 0-0 Nbd7 10. Nd2 Nb6 11. a5 Nbd5 12. Nxd5 Qxd5 13. Nxc4 0-0 14. a6 b5 15. Ne5 Rac8 16. Bf3 Ne4 17. Be3 f5 18. Nd3 Bd6 19. Nf4 Bxf4 20. Bxf4 Rfd8 21. Be3 Qd6 22. Bxe4 fxe4 23. Qc1 Bd5 24. Bf4 Qb4 25. Be5 Rd7 26. Ra3 Re8 27. Rg3 Re6 28. Qg5 Qf8 29. b4 Qxb4 0-1

[Event "Sohag op"]
[Site "Sohag"]
[Date "2009.03.02"]
[Round "2"]
[White "Seif Elnasr, Alaa"]
[Black "Ezat, Abdallah"]
[Result "1-0"]
[WhiteElo "2042"]
[BlackElo "2287"]
[PlyCount "91"]
[EventDate "2009.03.02"]
[EventType "swiss"]
[EventRounds "9"]
[EventCountry "EGY"]
[SourceTitle "CBM 129 Extra"]
[Source "ChessBase"]
[SourceDate "2009.05.05"]
[SourceVersion "2"]
[SourceVersionDate "2009.05.20"]
[SourceQuality "1"]

1. e4 c5 2. Nc3 a6 3. a4 e6 4. g3 Nc6 5. Bg2 Rb8 6. d3 Nge7 7. Be3 d6 8. Qd2 g6 9. Bh6 Bxh6 10. Qxh6 Nd4 11. Rc1 Qb6 12. Nd1 Qa5+ 13. c3 Nb3 14. Rc2 Qxa4 15. Nf3 Qb5 16. Ng5 c4 17. dxc4 Qe5 18. f4 Ng8 19. fxe5 Nxh6 20. exd6 f6 21. Nf3 Nf7 22. Nd4 Nxd4 23. cxd4 Nxd6 24. 0-0 Rf8 25. c5 Nb5 26. d5 Nd4 27. Rc4 e5 28. Rf2 Bd7 29. Bf1 Rc8 30. b4 Bb5 31. Rxd4 exd4 32. Bxb5+ axb5 33. Rd2 Kd7 34. Rxd4 Ra8 35. Nc3 Ra3 36. Nxb5 Ra2 37. Nc3 Rc2 38. Na4 Kc7 39. Nb6 h5 40. Kf1 g5 41. h3 g4 42. h4 Rb2 43. Ke1 Re8 44. Kd1 Rb3 45. Kc2 Rxg3 46. b5 1-0

[Event "EGY-ch final"]
[Site "Cairo"]
[Date "2007.12.06"]
[Round "6"]
[White "Ezat, Abdallah"]
[Black "Sameeh, Hany"]
[Result "1/2-1/2"]
[WhiteElo "2191"]
[BlackElo "2292"]
[PlyCount "75"]
[EventDate "2007.12.01"]
[EventType "swiss"]
[EventRounds "9"]
[EventCountry "EGY"]
[SourceTitle "EXT 2019"]
[Source "ChessBase"]
[SourceDate "2018.10.10"]
[SourceVersion "1"]
[SourceVersionDate "2018.10.10"]
[SourceQuality "1"]

1. d4 Nf6 2. c4 g6 3. f3 d5 4. Nc3 Bg7 5. e4 dxe4 6. fxe4 e5 7. d5 0-0 8. Nf3 c6 9. Bg5 h6 10. Bh4 cxd5 11. cxd5 Nbd7 12. Be2 Qb6 13. Qc1 a6 14. Bf2 Qa5 15. Nd2 b5 16. a3 Ne8 17. 0-0 Nd6 18. b4 Qd8 19. a4 bxa4 20. Nxa4 Rb8 21. Nc5 Rxb4 22. Nxd7 Qxd7 23. Bc5 Rb8 24. Bxa6 Rd8 25. Be2 Bf8 26. Be3 Bb7 27. Qe1 Ra8 28. Qh4 Rxa1 29. Rxa1 Kh7 30. Nf3 Bg7 31. h3 f6 32. Nd2 Ra8 33. Rxa8 Bxa8 34. Bf3 Bb7 35. g4 Qb5 36. Qf2 Bf8 37. Bg2 Qd3 38. Bc5 1/2-1/2

[Event "EGY-ch final"]
[Site "Cairo"]
[Date "2007.12.03"]
[Round "3"]
[White "Abdel Samee, Mohamed"]
[Black "Ezat, Abdallah"]
[Result "0-1"]
[WhiteElo "2306"]
[BlackElo "2191"]
[PlyCount "68"]
[EventDate "2007.12.01"]
[EventType "swiss"]
[EventRounds "9"]
[EventCountry "EGY"]
[SourceTitle "EXT 2019"]
[Source "ChessBase"]
[SourceDate "2018.10.10"]
[SourceVersion "1"]
[SourceVersionDate "2018.10.10"]
[SourceQuality "1"]

1. e4 e6 2. d4 d5 3. e5 c5 4. c3 Nc6 5. a3 f6 6. exf6 Nxf6 7. Nf3 Bd6 8. Be2 0-0 9. 0-0 e5 10. dxe5 Nxe5 11. Bg5 Be6 12. Nbd2 Qc7 13. Re1 Rae8 14. Nxe5 Bxe5 15. Nf3 Ne4 16. Be3 Bd6 17. Qc2 c4 18. Rad1 Rf6 19. Qa4 Ref8 20. Qxa7 Qf7 21. Nd4 Bb8 22. Qa5 Bd7 23. Bf3 Ra6 24. Qb4 Ba4 25. Nb5 Bxd1 26. Rxd1 Rg6 27. Bxe4 dxe4 28. g3 Rf6 29. Nd6 Bxd6 30. Rxd6 Rxf2 31. Bf4 e3 32. Rd4 Qh5 33. Qxc4+ Kh8 34. h4 Qf3 0-1

[Event "Golden Cleopatra op 7th"]
[Site "Cairo"]
[Date "2003.06.11"]
[Round "10"]
[White "Ezat, Abdallah"]
[Black "Belezky, Alexander"]
[Result "0-1"]
[WhiteElo "2196"]
[BlackElo "2403"]
[PlyCount "54"]
[EventDate "2003.06.03"]
[EventType "swiss"]
[EventRounds "10"]
[EventCountry "EGY"]
[SourceTitle "CBM 094 Extra"]
[Source "ChessBase"]
[SourceDate "2003.07.09"]
[SourceVersion "2"]
[SourceVersionDate "2003.07.09"]
[SourceQuality "1"]

1. d4 Nf6 2. c4 e6 3. Nf3 b6 4. g3 Bb7 5. Bg2 Bb4+ 6. Bd2 Bxd2+ 7. Nbxd2 c5 8. 0-0 Qc7 9. Rc1 0-0 10. Qc2 Nc6 11. e3 Rac8 12. Rfd1 Qb8 13. Qb1 cxd4 14. exd4 Qa8 15. b3 Nxd4 16. Nxd4 Bxg2 17. f3 Bh3 18. Ne4 Nxe4 19. fxe4 f5 20. Ne2 fxe4 21. Nf4 Rxf4 22. gxf4 e3 23. Qb2 Rf8 24. Rxd7 Rf6 25. f5 Bxf5 26. Qe5 Rg6+ 27. Kf1 Qg2+ 0-1

[Event "Golden Cleopatra op 7th"]
[Site "Cairo"]
[Date "2003.06.02"]
[Round "2"]
[White "Jonkman, Harmen"]
[Black "Ezat, Abdallah"]
[Result "1/2-1/2"]
[WhiteElo "2431"]
[BlackElo "2196"]
[PlyCount "154"]
[EventDate "2003.06.03"]
[EventType "swiss"]
[EventRounds "10"]
[EventCountry "EGY"]
[SourceTitle "CBM 094 Extra"]
[Source "ChessBase"]
[SourceDate "2003.07.09"]
[SourceVersion "2"]
[SourceVersionDate "2003.07.09"]
[SourceQuality "1"]

1. e4 c5 2. c3 e6 3. d4 cxd4 4. cxd4 d5 5. e5 Nc6 6. Nc3 Nge7 7. Nf3 Nf5 8. a3 a6 9. b4 b5 10. Be3 Bd7 11. Bd3 Nh4 12. Nxh4 Qxh4 13. 0-0 Rc8 14. Ne2 Qd8 15. Nc1 a5 16. Bxb5 axb4 17. Bxc6 Bxc6 18. axb4 Bb5 19. Re1 Bxb4 20. Bd2 Bxd2 21. Qxd2 0-0 22. Nb3 Bc4 23. Nc5 Qe7 24. h3 Ra8 25. g3 Rxa1 26. Rxa1 Rb8 27. h4 h6 28. Qc2 Qc7 29. Kg2 Qc6 30. Rb1 Rxb1 31. Qxb1 Qa8 32. Qb2 Qa7 33. Kh2 Qa8 34. h5 Qe8 35. g4 Qd8 36. Kg3 Qa8 37. Nd7 Qa7 38. Nc5 Qa8 39. Kh2 Qd8 40. Kh3 Qa8 41. Kg2 Qa7 42. Nb7 Qa4 43. Qd2 Qa1 44. Nd6 Qf1+ 45. Kh2 Qa1 46. Qf4 Qa7 47. Kg3 Qa3+ 48. Kh2 Qa7 49. Ne8 Qe7 50. Nd6 Qa7 51. Qf3 Qe7 52. Kh3 Qa7 53. Kg3 Qe7 54. Qa3 Qf8 55. Qa7 Bd3 56. Qd7 Be4 57. f3 Bd3 58. f4 Bc2 59. f5 exf5 60. gxf5 Be4 61. Kf4 Bc2 62. Qc6 Bd1 63. Qxd5 Qe7 64. Qg2 Qh4+ 65. Ke3 Qe1+ 66. Kd3 Bxh5 67. Ne4 Qb1+ 68. Qc2 Qb5+ 69. Kc3 Qa5+ 70. Kb3 Qb6+ 71. Kc3 Qa5+ 72. Kd3 Bg4 73. Nd6 Qa3+ 74. Kc4 Qa6+ 75. Kc3 Qa5+ 76. Kc4 Qa6+ 77. Kc3 Qa5+ 1/2-1/2

[Event "Golden Cleopatra op 6th"]
[Site "Cairo"]
[Date "2002.04.17"]
[Round "11"]
[White "Ezat, Abdallah"]
[Black "Amin, Bassem"]
[Result "0-1"]
[WhiteElo "2188"]
[BlackElo "2202"]
[PlyCount "126"]
[EventDate "2002.04.07"]
[EventType "swiss"]
[EventRounds "11"]
[EventCountry "EGY"]
[SourceTitle "CBM 087 Extra"]
[Source "ChessBase"]
[SourceDate "2002.05.03"]
[SourceVersion "2"]
[SourceVersionDate "2002.08.09"]
[SourceQuality "1"]

1. d4 e6 2. c4 Bb4+ 3. Bd2 Qe7 4. Nf3 f5 5. a3 Bxd2+ 6. Nbxd2 Nf6 7. g3 d6 8. e3 e5 9. d5 f4 10. e4 0-0 11. Be2 Ne8 12. Rg1 c5 13. g4 g5 14. Nb1 h6 15. Nc3 Nf6 16. Nd2 Bd7 17. f3 Kf7 18. Qb3 b6 19. 0-0-0 Na6 20. Nb5 Rfc8 21. Kb1 Nc7 22. h4 Nce8 23. Nc3 Rcb8 24. hxg5 hxg5 25. Rh1 Kg7 26. Rh2 a6 27. Rdh1 b5 28. cxb5 axb5 29. Nxb5 Bxb5 30. Bxb5 Nc7 31. a4 Nxb5 32. axb5 Qd7 33. b6 Qa4 34. Qxa4 Rxa4 35. b3 Rxb6 36. Kc2 Ra8 37. Nc4 Rba6 38. Kc3 Rb8 39. Rb1 Rb4 40. Rhh1 Rb8 41. Ra1 Rba8 42. Rxa6 Rxa6 43. b4 cxb4+ 44. Kxb4 Ne8 45. Rb1 Ra2 46. Kb5 Rc2 47. Ra1 Rc3 48. Ra3 Nc7+ 49. Kb4 Rxa3 50. Kxa3 Nb5+ 51. Kb4 Nd4 52. Nxd6 Nxf3 53. Nc4 Kf6 54. Kc5 Nh2 55. Kc6 Nxg4 56. d6 Nh6 57. d7 Nf7 58. Kc7 f3 59. Ne3 Ke7 60. Ng4 Nd8 61. Kc8 Ne6 62. Nf2 Kd6 63. Nd3 g4 0-1

[Event "Golden Cleopatra op 6th"]
[Site "Cairo"]
[Date "2002.04.15"]
[Round "9"]
[White "Ezat, Abdallah"]
[Black "Yousry, Salah"]
[Result "1/2-1/2"]
[WhiteElo "2188"]
[BlackElo "2271"]
[PlyCount "144"]
[EventDate "2002.04.07"]
[EventType "swiss"]
[EventRounds "11"]
[EventCountry "EGY"]
[SourceTitle "CBM 087 Extra"]
[Source "ChessBase"]
[SourceDate "2002.05.03"]
[SourceVersion "2"]
[SourceVersionDate "2002.08.09"]
[SourceQuality "1"]

1. d4 d5 2. Nf3 Nf6 3. g3 g6 4. Bg2 Bg7 5. 0-0 0-0 6. b3 c5 7. Bb2 cxd4 8. Nxd4 e5 9. Nf3 e4 10. Nd4 Nc6 11. Na3 Nxd4 12. Bxd4 Qa5 13. Qc1 Bg4 14. f3 exf3 15. exf3 Be6 16. Qb2 Ne8 17. Rad1 Rc8 18. Kh1 Bxd4 19. Rxd4 Nd6 20. g4 b5 21. Nb1 f5 22. h3 fxg4 23. hxg4 Qd8 24. c3 Qf6 25. Qd2 Nf7 26. Na3 a6 27. Nc2 Qh4+ 28. Kg1 Ng5 29. Qf2 Qxf2+ 30. Rxf2 Rxc3 31. Ne1 Re3 32. Rd1 Bc8 33. Kf1 Bb7 34. Nc2 Ree8 35. Nd4 Ne6 36. Nxe6 Rxe6 37. f4 Ref6 38. Rd4 Kg7 39. Ke2 Rc8 40. Rd2 Rd6 41. Kd3 a5 42. Kd4 a4 43. g5 Rc7 44. Rde2 axb3 45. axb3 b4 46. Re8 Rdd7 47. Rb8 h6 48. gxh6+ Kxh6 49. Bf1 Rf7 50. Bd3 Kg7 51. Rd8 Rc3 52. Rd6 Rf6 53. Rxf6 Kxf6 54. Rg2 Rxb3 55. Rxg6+ Kf7 56. Rb6 Bc8 57. Rb8 Bg4 58. Rb7+ Kf6 59. Rb6+ Ke7 60. Bg6 Rf3 61. Kxd5 Rxf4 62. Ke5 Rc4 63. Be4 Rc5+ 64. Kd4 Rc7 65. Bd5 Rc1 66. Rxb4 Bd7 67. Rb7 Rd1+ 68. Ke5 Re1+ 69. Be4 Rc1 70. Rb6 Rg1 71. Rh6 Rg5+ 72. Kd4 Ra5 1/2-1/2

[Event "Cairo op-B"]
[Site "Cairo"]
[Date "2000.??.??"]
[Round "7"]
[White "Elsayed, Moustafa"]
[Black "Ezat, Abdallah"]
[Result "1/2-1/2"]
[WhiteElo "2214"]
[BlackElo "2181"]
[PlyCount "120"]
[EventDate "2000.??.??"]
[EventType "swiss"]
[EventRounds "9"]
[EventCountry "EGY"]
[SourceTitle "EXT 2001"]
[Source "ChessBase"]
[SourceDate "2000.11.22"]
[SourceVersion "1"]
[SourceVersionDate "2000.11.22"]
[SourceQuality "1"]

1. e4 c5 2. Nf3 d6 3. d4 cxd4 4. Nxd4 Nf6 5. Nc3 a6 6. Bg5 e6 7. Qd2 Qb6 8. Nb3 Nc6 9. Be3 Qc7 10. 0-0-0 Be7 11. f4 0-0 12. Qe2 b5 13. a3 Na5 14. Nxa5 Qxa5 15. Bd2 Qc7 16. g4 d5 17. e5 Nd7 18. Be1 Bb7 19. Rg1 Rfc8 20. g5 b4 21. axb4 Qb6 22. Rg3 Bxb4 23. f5 exf5 24. Bg2 Bxc3 25. Bxc3 Nc5 26. Bd4 Nb3+ 27. Rxb3 Qxb3 28. e6 Qc4 29. exf7+ Kxf7 30. Qf2 Kg8 31. Qxf5 Qe2 32. Bxd5+ Bxd5 33. Qxd5+ Kh8 34. Bc3 Qe7 35. Re1 Qf8 36. Qd4 Qf7 37. Kb1 Rd8 38. Qg1 Rac8 39. Qb6 Rb8 40. Qe6 Kg8 41. Qg4 Rbc8 42. h4 Rc4 43. Qh3 Qd7 44. Qxd7 Rxd7 45. h5 Rh4 46. g6 hxg6 47. hxg6 Rf4 48. Re6 Ra7 49. Bd4 Ra8 50. c3 Rg4 51. Ka2 a5 52. Ka3 a4 53. Rd6 Rg2 54. c4 Rg3+ 55. Bc3 Kf8 56. c5 Ke7 57. Rb6 Kd7 58. Kb4 Rg4+ 59. Kb5 a3 60. bxa3 Rxa3 1/2-1/2